[Event "Olympiad-41"]
[Site "Tromsoe"]
[Date "2014.08.12"]
[Round "10.4"]
[White "Wiwatanadate, Poompong"]
[Black "Abdel Wahab, Elkhatem"]
[Result "1-0"]
[WhiteElo "2106"]
[BlackElo "2093"]
[PlyCount "71"]
[EventDate "2014.08.02"]
[EventType "team-swiss"]
[EventRounds "11"]
[EventCountry "NOR"]
[SourceTitle "CBM 162"]
[Source "ChessBase"]
[SourceDate "2014.09.17"]
[SourceVersion "1"]
[SourceVersionDate "2014.09.17"]
[SourceQuality "1"]
[WhiteTeam "Thailand"]
[BlackTeam "Sudan"]
[WhiteTeamCountry "THA"]
[BlackTeamCountry "SUD"]

1. d4 Nf6 2. c4 e6 3. Nc3 Bb4 4. e3 0-0 5. Bd3 d5 6. a3 Bxc3+ 7. bxc3 b6 8. Nf3 Bb7 9. 0-0 Nbd7 10. Bb2 Re8 11. Rc1 e5 12. Nd2 Nf8 13. cxd5 exd4 14. e4 c6 15. c4 c5 16. f4 Ba6 17. Qf3 Qc8 18. h3 Rd8 19. e5 Ne8 20. a4 Bb7 21. f5 f6 22. e6 Qc7 23. Ne4 a6 24. Ba3 Nd6 25. Rfe1 Qe7 26. Nxd6 Rxd6 27. Rb1 Rc8 28. Qf2 g6 29. Bc1 gxf5 30. Qg3+ Ng6 31. Bf4 Rcd8 32. Bxf5 Kg7 33. Bxg6 hxg6 34. Bxd6 Rxd6 35. Qxd6 Qxd6 36. e7 1-0

[Event "Olympiad-41"]
[Site "Tromsoe"]
[Date "2014.08.05"]
[Round "4.4"]
[White "Golizadeh, Asghar"]
[Black "Abdel Wahab, Elkhatem"]
[Result "1/2-1/2"]
[WhiteElo "2490"]
[BlackElo "2093"]
[PlyCount "117"]
[EventDate "2014.08.02"]
[EventType "team-swiss"]
[EventRounds "11"]
[EventCountry "NOR"]
[SourceTitle "CBM 162"]
[Source "ChessBase"]
[SourceDate "2014.09.17"]
[SourceVersion "1"]
[SourceVersionDate "2014.09.17"]
[SourceQuality "1"]
[WhiteTeam "Iran"]
[BlackTeam "Sudan"]
[WhiteTeamCountry "IRI"]
[BlackTeamCountry "SUD"]

1. e4 c5 2. Nf3 d6 3. d4 cxd4 4. Nxd4 Nf6 5. Nc3 a6 6. g3 g6 7. Bg2 Bg7 8. 0-0 0-0 9. Re1 Bg4 10. Qd2 Qd7 11. Nd5 Qd8 12. h3 Bd7 13. c3 Nc6 14. Ne2 Rc8 15. Qd1 Nxd5 16. exd5 Ne5 17. Nd4 Re8 18. Kh2 Qa5 19. f4 Nc4 20. Qd3 Nb6 21. Re2 Na4 22. Be3 Nc5 23. Qd1 Na4 24. Bg1 h5 25. Qd2 Nb6 26. Nb3 Qb5 27. Rae1 Nc4 28. Qd1 Bf8 29. Nd4 Qa5 30. b3 Na3 31. Re3 Nb5 32. c4 Nxd4 33. Qxd4 b5 34. cxb5 axb5 35. R3e2 Bg7 36. Qd1 Bc3 37. Rf1 b4 38. Be4 f5 39. Bd3 Bb5 40. Bxb5 Qxb5 41. Re6 Bf6 42. Rfe1 Kf7 43. R1e2 Rc3 44. Rd2 Rec8 45. Qe1 Rc2 46. Ree2 Rc1 47. Qf2 Bc3 48. Qe3 Rc7 49. Qe6+ Kg7 50. Bd4+ Bxd4 51. Rxd4 Qc5 52. Qe3 Rc2 53. Rxc2 Qxc2+ 54. Rd2 Qc1 55. Qd4+ Kf7 56. Qf2 Rc3 57. Qe2 Kf8 58. h4 Qb1 59. Rb2 1/2-1/2

[Event "Olympiad-41"]
[Site "Tromsoe"]
[Date "2014.08.04"]
[Round "3.4"]
[White "Abdel Wahab, Elkhatem"]
[Black "Daly, Colm"]
[Result "1/2-1/2"]
[WhiteElo "2093"]
[BlackElo "2323"]
[PlyCount "135"]
[EventDate "2014.08.02"]
[EventType "team-swiss"]
[EventRounds "11"]
[EventCountry "NOR"]
[SourceTitle "CBM 162"]
[Source "ChessBase"]
[SourceDate "2014.09.17"]
[SourceVersion "1"]
[SourceVersionDate "2014.09.17"]
[SourceQuality "1"]
[WhiteTeam "Sudan"]
[BlackTeam "Ireland"]
[WhiteTeamCountry "SUD"]
[BlackTeamCountry "IRL"]

1. e4 c5 2. Nf3 e6 3. d4 cxd4 4. Nxd4 a6 5. Bd3 Nf6 6. 0-0 d6 7. Bg5 Nbd7 8. Nc3 b5 9. Qf3 Bb7 10. Qh3 Rc8 11. Rae1 Be7 12. a3 Ne5 13. Kh1 Nc4 14. Nd1 Nd7 15. Bc1 Bf6 16. Ne2 Nce5 17. Ne3 Nc5 18. Ng4 Nxg4 19. Qxg4 h5 20. Qf4 Nxd3 21. cxd3 h4 22. h3 Rc2 23. d4 0-0 24. e5 dxe5 25. dxe5 Qd5 26. Qg4 Bxe5 27. Nf4 Bxf4 28. Bxf4 Rc4 29. f3 Qd4 30. Be5 Qxg4 31. hxg4 Rfc8 32. Re3 f6 33. Bc3 Kf7 34. Rd1 Bd5 35. Kh2 g5 36. Rd2 Ra8 37. Red3 a5 38. Rd4 Rxd4 39. Rxd4 Ke7 40. f4 gxf4 41. Rxf4 e5 42. Rf5 Be6 43. Rh5 Bxg4 44. Rxh4 Bd1 45. g4 Ke6 46. g5 f5 47. Rh6+ Kd5 48. g6 Rg8 49. Bxa5 Bc2 50. Bc3 Ke4 51. Rh4+ Kd5 52. Rh6 Be4 53. Kh3 Bf3 54. Kh4 f4 55. Kg5 Be4 56. Kf6 f3 57. Be1 Rf8+ 58. Ke7 Rg8 59. Kf7 Rxg6 60. Rxg6 Bxg6+ 61. Kxg6 Ke4 62. b3 Kd3 63. a4 bxa4 64. bxa4 e4 65. a5 e3 66. a6 f2 67. Bxf2 exf2 68. a7 1/2-1/2

[Event "Arab Clubs-chT 11th"]
[Site "Tunis"]
[Date "2009.12.16"]
[Round "6"]
[White "Abdel Wahab, Elkhatem"]
[Black "Jemai, Akram"]
[Result "0-1"]
[WhiteElo "2161"]
[BlackElo "2158"]
[PlyCount "80"]
[EventDate "2009.12.12"]
[EventType "team-swiss"]
[EventRounds "9"]
[EventCountry "TUN"]
[SourceTitle "EXT 2020"]
[Source "ChessBase"]
[SourceDate "2019.10.17"]
[SourceVersion "1"]
[SourceVersionDate "2019.10.17"]
[SourceQuality "1"]
[WhiteTeam "Al Ahli Wad Medani"]
[BlackTeam "Club la Tour Blanche"]
[WhiteTeamCountry "SUD"]
[BlackTeamCountry "TUN"]

1. e4 e6 2. d4 d5 3. Nd2 Nf6 4. Bd3 c5 5. exd5 exd5 6. dxc5 Bxc5 7. Ngf3 0-0 8. 0-0 Nc6 9. Nb3 Bd6 10. h3 Bc7 11. Bg5 Qd6 12. Bh4 Nh5 13. Re1 Bd7 14. Nbd2 Rfe8 15. Rxe8+ Rxe8 16. Nf1 Nb4 17. Ng5 g6 18. Bg3 Nxg3 19. Nxg3 Bb6 20. Qf3 f5 21. c3 Nxd3 22. Qxd3 h6 23. Nf3 Qxg3 24. Qxd5+ Be6 25. Qxb7 Bxf2+ 26. Kh1 Qd6 27. Qb5 Bd7 28. Qf1 Bb6 29. Rd1 Qc6 30. Qd3 Bc8 31. Qc2 Bb7 32. b4 Re3 33. Qb3+ Qe6 34. Qxe6+ Rxe6 35. c4 Bxf3 36. gxf3 Be3 37. c5 a5 38. a3 axb4 39. axb4 Kf7 40. Rd5 Rc6 0-1

[Event "Arab Clubs-chT 11th"]
[Site "Tunis"]
[Date "2009.12.12"]
[Round "1"]
[White "Nassar, Marwan"]
[Black "Abdel Wahab, Elkhatem"]
[Result "1-0"]
[WhiteElo "2099"]
[BlackElo "2161"]
[PlyCount "131"]
[EventDate "2009.12.12"]
[EventType "team-swiss"]
[EventRounds "9"]
[EventCountry "TUN"]
[SourceTitle "EXT 2020"]
[Source "ChessBase"]
[SourceDate "2019.10.17"]
[SourceVersion "1"]
[SourceVersionDate "2019.10.17"]
[SourceQuality "1"]
[WhiteTeam "Al Riady Club"]
[BlackTeam "Al Ahli Wad Medani"]
[WhiteTeamCountry "LBN"]
[BlackTeamCountry "SUD"]

1. Nf3 Nf6 2. d4 d5 3. Bf4 e6 4. e3 Bd6 5. Bg5 0-0 6. Bd3 Nbd7 7. Nbd2 e5 8. dxe5 Nxe5 9. Nxe5 Bxe5 10. c3 c5 11. Qc2 h6 12. Bh4 Bc7 13. Nf3 Bg4 14. Bf5 Bxf5 15. Qxf5 Qd7 16. Qxd7 Nxd7 17. 0-0-0 Nb6 18. Be7 Rfe8 19. Bxc5 Rad8 20. Bxb6 Bxb6 21. Rd3 Re6 22. Rhd1 Rg6 23. Nh4 Rf6 24. R1d2 Kh7 25. Nf3 Rg6 26. g3 Rf6 27. Nd4 g6 28. Kd1 Kg7 29. Ke2 Rfd6 30. Nb5 R6d7 31. c4 a6 32. Na3 d4 33. e4 Re7 34. Kf3 Rde8 35. Nc2 Rxe4 36. b4 Bd8 37. Rxd4 Rxd4 38. Rxd4 Bf6 39. Rd7 Re7 40. Rxe7 Bxe7 41. Ke4 Kf6 42. Ne3 Ke6 43. Nd5 Bd8 44. f3 f6 45. Nf4+ Kf7 46. Kd5 f5 47. Ne6 Be7 48. Nc5 Kf6 49. a3 b5 50. Nxa6 bxc4 51. Kxc4 f4 52. Nc7 fxg3 53. hxg3 Kf5 54. Nd5 Bd6 55. Ne3+ Kg5 56. f4+ Kh5 57. a4 g5 58. fxg5 Kxg5 59. g4 Bf4 60. Kd4 Bc7 61. Ke4 Bd6 62. b5 Bc7 63. Kf3 Kg6 64. Nd5 Bd6 65. a5 Kf7 66. a6 1-0

[Event "Arab Cities-chT"]
[Site "Cairo"]
[Date "2009.10.31"]
[Round "8"]
[White "Hesham, Abdelrahman"]
[Black "Abdel Wahab, Elkhatem"]
[Result "0-1"]
[WhiteElo "2157"]
[BlackElo "2161"]
[PlyCount "94"]
[EventDate "2009.10.25"]
[EventType "team-tourn"]
[EventRounds "9"]
[EventCountry "EGY"]
[SourceTitle "EXT 2010"]
[Source "ChessBase"]
[SourceDate "2010.11.25"]
[SourceVersion "1"]
[SourceVersionDate "2010.11.25"]
[SourceQuality "1"]
[WhiteTeam "Cairo"]
[BlackTeam "Khartom"]
[WhiteTeamCountry "EGY"]
[BlackTeamCountry "SUD"]

1. d4 e6 2. c4 Nf6 3. Nf3 Be7 4. Nc3 0-0 5. e4 d5 6. e5 Ne4 7. Bd3 Nxc3 8. bxc3 dxc4 9. Bxc4 c5 10. 0-0 Nc6 11. Be3 cxd4 12. cxd4 b6 13. Qe2 Bb7 14. Rfd1 Nb4 15. Rac1 Rc8 16. a3 Nd5 17. Bd3 Nc3 18. Rxc3 Rxc3 19. Nd2 Rxa3 20. Bb1 g6 21. Ne4 Bxe4 22. Bxe4 Bg5 23. f4 Be7 24. Kh1 Qc7 25. g4 Qc3 26. Bg1 Ra1 27. f5 Rxd1 28. Qxd1 Rd8 29. Qa4 a5 30. Bg2 gxf5 31. gxf5 Kh8 32. f6 Bb4 33. Qd1 Rg8 34. Qh5 Qc2 35. Bf3 Qg6 36. Qxg6 Rxg6 37. d5 Bc5 38. Bxc5 bxc5 39. d6 Rg8 40. Bc6 c4 41. Ba4 h5 42. Bd1 c3 43. Bc2 h4 44. h3 a4 45. Bxa4 Kh7 46. d7 Rd8 47. Kg2 Rxd7 0-1